000 00919nam a2200241Ia 4500
003 OSt
005 20251127160740.0
008 210719s2008 xx 000 0 und d
040 _cAL
041 _aKannada
082 _aK894.8 PUSK
100 _aPUSTAKA LOKADA ANANYARU
_dಪುಸ್ತಕ ಲೋಕದ ಅನನ್ಯರು
_9247053
245 _aCollege kannada sanghagala prakatanegalu
_bಕಾಲೇಜು ಕನ್ನಡ ಸಂಘಗಳ ಪ್ರಕಟಣೆಗಳು
260 _aBengaluru
_bAbhinava Prakashana
_c2008
300 _avii-56
_bPB
365 _cRs
440 _aChi Shreenivasaraju Nenapina Pustaka-10-11
_9247054
650 _aKannada Miscellaneous
_9247055
650 _aKannada Miscellaneous
_9247055
700 _aShashikala (H)
_d ಹೆಚ್ ಶಶಿಕಲಾ
_9247056
906 _aby ; Ech ; Ed ; Kaleju ; kannada ; prakatanegalu ; sanghagala ; Shashikala
942 _2ddc
_cBK
999 _c214991
_d214991